00277pab a2200109 454500008004000000100002400040245004800064260000900112300001200121650001800133773001600151180718b1995 xxu||||| |||| 00| 0 eng d aDalal, Meenakshi N. aRural women of India and the global economy c1995 ap.40-42 aWomen - India aDevelopment